Grundlegende Umgestaltung der Finanzordnung.

Zjednocovacia zmluva medzi NDR a SRN predpokladá ako základ úplné prevzatie západonemeckej finančnej ústavy. Vo východných oblastiach krajiny vstúpi do platnosti rozpočtové právo SRN. V základnom zákone SRN sú ustanovené federatívne usporiadanie štátu a komunálna samospráva.

Na minha lista:
Detalhes bibliográficos
Autor principal: Gurtz, Johannes
Outros Autores: Müller, M.
Formato: Capítulo de Livro
Idioma:alemão
Assuntos:
Tags: Adicionar Tag
Sem tags, seja o primeiro a adicionar uma tag!

MARC

LEADER 00000naa a2200000 4500
001 r002263
005 20240618122426.2
041 0 |a ger 
044 |a DE 
245 1 0 |a Grundlegende Umgestaltung der Finanzordnung.  |c J. Gurtz, M. Müller 
520 |a Zjednocovacia zmluva medzi NDR a SRN predpokladá ako základ úplné prevzatie západonemeckej finančnej ústavy. Vo východných oblastiach krajiny vstúpi do platnosti rozpočtové právo SRN. V základnom zákone SRN sú ustanovené federatívne usporiadanie štátu a komunálna samospráva. 
610 2 0 |a NDR 
610 2 0 |a Nemecko 
610 2 0 |a riadenie NH 
610 2 0 |a sústava finančná 
610 2 0 |a zákony 
100 1 |a Gurtz, Johannes 
700 1 |a Müller, M.